all marvel movies - Statistics

General Stats
  • This quiz has been taken 217 times
  • The average score is 46 of 82
Answer Stats
Hint Answer % Correct
2011 captain america the first avenger
87%
2008 iron man
85%
2002 spider-man
84%
2012 the amazing spiderman
84%
2003 hulk
81%
2012 the avengers
81%
2008 the incredible hulk
81%
2010 iron man 2
79%
2013 iron man 3
78%
2007 spiderman 3
76%
2004 spiderman 2
75%
2011 thor
75%
2000 xmen
75%
2019 avengers endgame
74%
2016 deadpool
74%
2015 ant-man
69%
2018 avengers infinity war
69%
2017 spiderman homecoming
69%
2021 spiderman no way home
69%
2013 the wolverine
69%
2015 avengers age of ultron
68%
2016 captain america civil war
68%
2016 doctor strange
68%
2005 fantastic four
68%
2014 guardians of the galaxy
68%
2019 spiderman far from home
67%
2018 black panther
66%
2024 deadpool and wolverine
66%
2021 black widow
65%
2019 captain marvel
65%
2018 deadpool 2
65%
2017 thor ragnarok
65%
2018 ant man and the wasp
64%
2014 captain america the winter soldier
64%
2013 thor the dark world
64%
1998 blade
63%
2003 x2
63%
2003 daredevil
62%
2022 thor love and thunder
60%
2021 eternals
59%
2022 black panther wakanda forever
58%
2017 logan
58%
2014 the amazing spiderman 2
58%
2002 blade 2
57%
2017 guardians of the galaxy vol 2
56%
2023 guardians of the galaxy vol 3
55%
2018 venom
55%
2023 the marvels
54%
2016 xmen apocalypse
54%
2009 xmen origins wolverine
54%
1986 howard the duck
53%
2014 xmen days of future past
52%
2006 xmen the last stand
51%
2011 xmen first class
49%
2007 fantastic four rise of the silver surfer
48%
2023 ant man and the wasp quantumania
47%
2004 blade trinity
47%
2025 captain america brave new world
47%
2022 doctor strange in the multiverse of madness
47%
2005 elektra
47%
2021 venom let there be carnage
47%
2025 thunderbolts
46%
2019 xmen dark phoenix
46%
2004 the punisher
44%
2026 avengers doomsday
42%
1989 punisher
42%
2027 avengers secret wars
38%
2021 shang chi and the legend of the ten rings
38%
2007 ghost rider
37%
2024 venom the last dance
37%
2022 morbius
36%
2024 kraven the hunter
35%
2024 madame web
34%
2018 spiderman into the spiderverse
33%
2020 the new mutants
33%
2025 the fantastic four first steps
32%
2023 spiderman across the spiderverse
31%
2008 punisher war zone
26%
2011 ghost rider spirit of vengeance
23%
2005 man-thing
15%
2015 fan4stic
5%
2025 blade reboot
1%
No matching quizzes found
Score Distribution
Percent of People with Each Score
Percentile by Number Answered
Your Score History
You have not taken this quiz